<?xml version="1.0" encoding="UTF-8"?>
<record
    xmlns:xsi="http://www.w3.org/2001/XMLSchema-instance"
    xsi:schemaLocation="http://www.loc.gov/MARC21/slim http://www.loc.gov/standards/marcxml/schema/MARC21slim.xsd"
    xmlns="http://www.loc.gov/MARC21/slim">

  <leader>02082cam a2200253 a 4500</leader>
  <controlfield tag="001">1107493</controlfield>
  <controlfield tag="003">OSt</controlfield>
  <controlfield tag="005">20220310132153.0</controlfield>
  <controlfield tag="008">930804s1994    nyu      b    001 0 eng  </controlfield>
  <datafield tag="010" ind1=" " ind2=" ">
    <subfield code="a">2008024930</subfield>
  </datafield>
  <datafield tag="020" ind1=" " ind2=" ">
    <subfield code="a">9780415441551</subfield>
  </datafield>
  <datafield tag="040" ind1=" " ind2=" ">
    <subfield code="a">DLC</subfield>
    <subfield code="c">LC</subfield>
    <subfield code="d">DLC</subfield>
  </datafield>
  <datafield tag="050" ind1="0" ind2="0">
    <subfield code="a">PN4784.B75.B74</subfield>
  </datafield>
  <datafield tag="245" ind1="1" ind2="0">
    <subfield code="a">Broadcast journalism: a critical introduction. /</subfield>
    <subfield code="c">edited by Jane Chapman and Marie Kinsey.</subfield>
  </datafield>
  <datafield tag="260" ind1=" " ind2=" ">
    <subfield code="a">New York:</subfield>
    <subfield code="b">Routledge,</subfield>
    <subfield code="c">2009.</subfield>
  </datafield>
  <datafield tag="300" ind1=" " ind2=" ">
    <subfield code="a">x, 278 p. :</subfield>
    <subfield code="c">26 cm.</subfield>
  </datafield>
  <datafield tag="504" ind1=" " ind2=" ">
    <subfield code="a">Includes bibliographical references (p. [154]-157) and index.</subfield>
  </datafield>
  <datafield tag="505" ind1=" " ind2=" ">
    <subfield code="a">Contents: The shape of broadcast news: Introduction -- Broadcast journalism: yesterday, today and the future -- Paying the piper: funding broadcast news -- Eyes, ears and clicks: the battle for an audience -- 'And now the news from where you are': going local -- CNN and beyond: journalism in a globalized networked sphere -- Exploring news values: the ideal and the real -- The practices of broadcast news: Introduction -- Inside the newsroom: who's who and what's what -- On the road: gathering raw material -- Asking questions: interviewing for broadcast news -- Painting pictures 1: writing, editing and packaging for television -- Painting pictures 2: writing, editing and packaging for radio -- Painting pictures 3: broadcast and the web -- Going live: writing and presenting for broadcast -- Reporting sport -- Reporting business, finance and the city -- Reporting politics -- Reporting celebrity -- Context: Introduction -- Outside the newsroom: selling stories and ideas -- Radio and television documentary -- Conflicting pressures: news and representation -- Freedoms and responsibilities: law for broadcast journalists -- Fair enough? ethics and regulation in broadcast journalism -- Next steps and staying ahead -- Conclusion -- </subfield>
  </datafield>
  <datafield tag="650" ind1=" " ind2="0">
    <subfield code="a">Broadcast journalism</subfield>
  </datafield>
  <datafield tag="700" ind1=" " ind2=" ">
    <subfield code="q">Chapman, Jane</subfield>
  </datafield>
  <datafield tag="700" ind1=" " ind2=" ">
    <subfield code="q">Kinsey, Marie</subfield>
  </datafield>
  <datafield tag="942" ind1=" " ind2=" ">
    <subfield code="2">lcc</subfield>
    <subfield code="c">BK</subfield>
  </datafield>
  <datafield tag="999" ind1=" " ind2=" ">
    <subfield code="c">8920</subfield>
    <subfield code="d">16420</subfield>
  </datafield>
  <datafield tag="952" ind1=" " ind2=" ">
    <subfield code="0">0</subfield>
    <subfield code="1">0</subfield>
    <subfield code="2">lcc</subfield>
    <subfield code="4">0</subfield>
    <subfield code="7">0</subfield>
    <subfield code="a">WIUC-KL</subfield>
    <subfield code="b">WIUC-KL</subfield>
    <subfield code="c">GEN</subfield>
    <subfield code="d">2019-11-14</subfield>
    <subfield code="e">WIUC</subfield>
    <subfield code="l">0</subfield>
    <subfield code="o">PN4784.B75.B74</subfield>
    <subfield code="p">K/2210/2210/19</subfield>
    <subfield code="r">2022-03-10 00:00:00</subfield>
    <subfield code="t">1</subfield>
    <subfield code="w">2022-03-10</subfield>
    <subfield code="y">BK</subfield>
  </datafield>
  <datafield tag="952" ind1=" " ind2=" ">
    <subfield code="0">0</subfield>
    <subfield code="1">0</subfield>
    <subfield code="2">lcc</subfield>
    <subfield code="4">0</subfield>
    <subfield code="7">0</subfield>
    <subfield code="a">WIUC-KL</subfield>
    <subfield code="b">WIUC-KL</subfield>
    <subfield code="c">GEN</subfield>
    <subfield code="d">2019-11-14</subfield>
    <subfield code="e">WIUC</subfield>
    <subfield code="l">0</subfield>
    <subfield code="o">PN4784.B75.B741</subfield>
    <subfield code="p">K/2211/2211/19</subfield>
    <subfield code="r">2022-03-10 00:00:00</subfield>
    <subfield code="t">2</subfield>
    <subfield code="w">2022-03-10</subfield>
    <subfield code="y">BK</subfield>
  </datafield>
</record>
